| 000 | 00724nam a2200181 a 4500 | ||
|---|---|---|---|
| 008 | 150515s2011 ||||||||||||||||| || u | ||
| 020 | _a9781615207473 | ||
| 050 | _aLC 1037 Wan | ||
| 100 | _aWang, Victor C X | ||
| 245 | 1 | 0 |
_aDefinitive readings in the history, phylosophy, theories and practice of career and technical education. _cby Victor C X Wang. |
| 260 |
_aHershey _bIGI Publishing _c2011 |
||
| 300 | _avii, 263p.: ill. | ||
| 350 | _a68.55 | ||
| 650 | _aVOCATIONAL EDUCATION | ||
| 650 | _aCAREER EDUCATION | ||
| 650 | _aEDUCATION AND GLOBALIZATION | ||
| 995 |
_FCBU-MAIN LIBRARY (Kitwe) _I68.55 _M1 _UAVAILABLE _WMay 21, 2015 _ZMain Library Open Access Collection |
||
| 999 |
_c39552 _d39552 |
||